| 000 | 00754cam a2200265 i 4500 | ||
|---|---|---|---|
| 008 | 190520s1995 fr b 001 0bfre d | ||
| 020 | _a9782091803289 | ||
| 040 |
_aEG-GiCUC _bfre _cEG-GiCUC |
||
| 092 | 0 | 4 |
_a445 _bL617 _221 |
| 099 |
_a04 _a445 L617 |
||
| 100 | 1 | _aLe Robert. | |
| 245 | 1 | 0 |
_aLe Robert et Nathan : _b grammaire / _cLe Robert ; Nathan. |
| 260 |
_aParis : _b Nathan, _c1995 |
||
| 300 |
_a383 p. ; _c20 cm. |
||
| 490 | 1 | _aRobert & Nathan. | |
| 504 | _aIncludes bibliographical references . | ||
| 650 | 0 |
_aFrench language _xGrammar |
|
| 700 | 1 | _aNathan | |
| 830 | 0 | _aRobert & Nathan. | |
| 902 | _a1 | ||
| 905 |
_aJihan _eRev |
||
| 905 |
_aNermin _eCat. |
||
| 942 |
_2ddc _cBK |
||
| 999 |
_c154167 _d154167 |
||